| 000 | 01246nam0a22003251 4500 | ||
|---|---|---|---|
| 001 | RU\NLR\INFOCOMM_36\5000226797 | ||
| 005 | 20250613100748.0 | ||
| 035 | _a(NLR Aleph) 009358282 | ||
| 090 |
_a7845904 _c7845904 |
||
| 100 | _a20101201d1989 |||y0rusy50 ca | ||
| 101 | 0 | _aeng | |
| 102 | _aRU | ||
| 105 | _aa ||||000|y | ||
| 200 | 1 |
_aDeep-inelastic nuclear reactions and some aspects of quantum chromodynamics _fV. B. Gavrilov, G.A. Leksin |
|
| 210 |
_aM. _cAtominform _d1989 |
||
| 215 |
_a28 с. _cил. _d20 см |
||
| 225 | 1 |
_aInst. of theoretical physics _v128-89 |
|
| 300 | _aВ вып. дан.: Глубоконеупругие ядерные реакции и некоторые вопросы квантовой хромодинамики/ В. Б. Гаврилов, Г. А. Лексин | ||
| 320 | _aБиблиогр.: с. 27-28 | ||
| 606 |
_aАтомное ядро _xЯдерные реакции _2nlr_sh1 |
||
| 606 |
_aКвантовая хромодинамика _2nlr_sh1 |
||
| 686 |
_aВ383.5 _2rubbk |
||
| 686 |
_aВ382.145 _2rubbk |
||
| 700 | 1 |
_aGavrilov _bV. B. _4070 |
|
| 701 | 1 |
_aLeksin _bG.A. _4070 |
|
| 801 | 1 |
_aRU _bNLR _c20101201 |
|
| 801 | 0 |
_aRU _bNLR _gPSBO |
|
| 852 |
_aNLR _jФз01 Д-4/5618 |
||
| 942 | _cBOOK | ||
| 980 | _aNB | ||